| 000 | 02013nam0a2200385 4500 | ||
|---|---|---|---|
| 001 | RU\NLR\BIBL_A\012368551 | ||
| 005 | 20201019124352.0 | ||
| 010 |
_a978-5-6041798-6-5 _9230 |
||
| 021 |
_aRU _bАЛ-П-20-00414и _9АЛ-П-20-0080 |
||
| 035 | _a(NLR Aleph) 012368551 | ||
| 035 | _a(RuMoRGB)010361521 | ||
| 090 |
_a11565272 _c11565272 |
||
| 100 | _a20201005d2019 u y0rusy50 ca | ||
| 101 | 0 |
_arus _aeng |
|
| 102 | _aRU | ||
| 105 | _aac||z|||000zy | ||
| 181 | 0 |
_ai _baxxe |
|
| 182 | 0 | _an | |
| 200 | 1 |
_aХудожественное наследие Сибири _dArtistic heritage of Siberia _iВасилий Суриков _e[альбом _fсоставитель: Щелканова Е. _gавтор вступительной статьи и описаний к картинам: Ломанова Татьяна Михайловна, заслуженный работник культуры РФ, профессор, кандидат искусствоведения] _zeng |
|
| 203 |
_aТекст _bвизуальный _cнепосредственный |
||
| 210 |
_aКрасноярск _cПоликор _d2019 |
||
| 215 |
_a95 с. _cцв. ил., портр. _d15x23 |
||
| 300 | _aЗагл. корешка: Василий Суриков | ||
| 300 | _aТекст парал. рус., англ. | ||
| 309 | _aАльбом вложен в футляр с др. альбомом | ||
| 510 | 1 |
_aArtistic heritage of Siberia _zeng |
|
| 600 | 1 |
_aСуриков _bВ. И. _f1848 - 1916 _gВасилий Иванович _jАльбомы _9986939 _3RU\NLR\AUTH\66372262 |
|
| 686 | 1 | _aЩ143(2Р=Рус)52-8Суриков я61 | |
| 702 | 1 |
_4570 _7ca _8rus _aСуриков _bВ. И. _cхудожник _f1848-1916 _gВасилий Иванович _945548 _3RU\NLR\AUTH\7762618 |
|
| 702 | 1 |
_aЩелканова _bЕ.В. _gЕлена Владимировна _4220 |
|
| 942 | _cBOOK | ||
| 980 | _aNB | ||